Catholic University of Zimbabwe Library
Online Public Access Catalogue
(OPAC)

Public Administration in Ethiopia (Record no. 27436)

MARC details
000 -LEADER
fixed length control field 02417cam a22003614a 4500
001 - CONTROL NUMBER
control field muse93671
003 - CONTROL NUMBER IDENTIFIER
control field MdBmJHUP
005 - DATE AND TIME OF LATEST TRANSACTION
control field 20210127151914.0
006 - FIXED-LENGTH DATA ELEMENTS--ADDITIONAL MATERIAL CHARACTERISTICS
fixed length control field m o d
007 - PHYSICAL DESCRIPTION FIXED FIELD--GENERAL INFORMATION
fixed length control field cr||||||||nn|n
008 - FIXED-LENGTH DATA ELEMENTS--GENERAL INFORMATION
fixed length control field 200925s2020 be o 00 0 eng d
020 ## - INTERNATIONAL STANDARD BOOK NUMBER
International Standard Book Number 9789461663634
020 ## - INTERNATIONAL STANDARD BOOK NUMBER
Canceled/invalid ISBN 9789462702561
020 ## - INTERNATIONAL STANDARD BOOK NUMBER
Canceled/invalid ISBN 946270256X
035 ## - SYSTEM CONTROL NUMBER
System control number (OCoLC)1225938106
040 ## - CATALOGING SOURCE
Original cataloging agency MdBmJHUP
Transcribing agency MdBmJHUP
245 00 - TITLE STATEMENT
Title Public Administration in Ethiopia
Remainder of title Case Studies and Lessons for Sustainable Development /
Statement of responsibility, etc. Bacha Kebede Debela.
264 #1 - PRODUCTION, PUBLICATION, DISTRIBUTION, MANUFACTURE, AND COPYRIGHT NOTICE
Name of producer, publisher, distributor, manufacturer Leuven UP
264 #3 - PRODUCTION, PUBLICATION, DISTRIBUTION, MANUFACTURE, AND COPYRIGHT NOTICE
Name of producer, publisher, distributor, manufacturer Project MUSE,
300 ## - PHYSICAL DESCRIPTION
Extent 1 online resource (680 p.)
506 0# - RESTRICTIONS ON ACCESS NOTE
Terms governing access Open Access
Standardized terminology for access restriction Unrestricted online access
Source of term star
520 8# - SUMMARY, ETC.
Summary, etc. Building an effective, inclusive, and accountable public administration has become a major point of attention for policymakers and academics in Ethiopia who want to realise sustainable development. This first handbook on Ethiopian Public Administration is written by Ethiopian academics and practitioner-academics and builds on PhD studies and conference papers, including studies presented at the meetings of the Ethiopian Public Administration Association (EPAA), established in 2016.0'Public Administration in Ethiopia' presents a wide range of timely issues in four thematic parts: Governance, Human Resources, Performance and Quality, and Governance of Policies. Each of the individual chapters in this volume contributes in a different way to the overarching research questions: How can we describe and explain the contexts, the processes and the results of the post-1990 politico-administrative reforms in Ethiopia? And what are the implications for sustainable development?0This book is essential for students, practitioners, and theorists interested in public administration, public policy, and sustainable development. Moreover, the volume is a valuable stepping stone for PA teaching and PA research in Ethiopia.
588 ## - SOURCE OF DESCRIPTION NOTE
Source of description note Description based on print version record.
655 #7 - INDEX TERM--GENRE/FORM
Genre/form data or focus term Electronic books.
Source of term local
700 1# - ADDED ENTRY--PERSONAL NAME
Personal name Kebede Debela, Bacha.
710 2# - ADDED ENTRY--CORPORATE NAME
Corporate name or jurisdiction name as entry element Project Muse.
Relator term distributor
830 #0 - SERIES ADDED ENTRY--UNIFORM TITLE
Uniform title Book collections on Project MUSE.
856 40 - ELECTRONIC LOCATION AND ACCESS
Public note Full text available:
Uniform Resource Identifier <a href="https://muse.jhu.edu/book/81991/">https://muse.jhu.edu/book/81991/</a>
Holdings
Withdrawn status Lost status Source of classification or shelving scheme Damaged status Not for loan Home library Current library Shelving location Date acquired Total Checkouts Date last seen Uniform Resource Identifier Price effective from Koha item type
          Digital Library Digital Library Online Access 27.01.2021   27.01.2021 https://muse.jhu.edu/book/81991/ 27.01.2021 eBook

OPENING HOURS

Weekdays: 0815hrs - 1800hrs
Weekends:0900hrs - 1200hrs

Closed for Mass:

Mon, Thur: 1200hrs - 1300hrs
Sunday & Public Holiday’s

CALL SUPPORT

0242-570570, 0242-570169
09200664, +263 8644140602

LOCATION

18443, Cranborne Avenue, Hatfield, Harare

Other Links


©2021 | CUZ Library